US State Capitals Ending With N - Statistics

General Stats
  • This quiz has been taken 56 times
  • The average score is 4 of 7
Answer Stats
capital % Correct
Austin
84%
Boston
77%
Madison
51%
Jackson
47%
Lincoln
47%
Trenton
47%
Charleston
42%
No matching quizzes found
Score Distribution
Percent of People with Each Score
Percentile by Number Answered
Your Score History
You have not taken this quiz